A könyvvizsgálat feladatainak, előkészítése, tervezése és végrehajtása

Bibliográfiai részletek
Szerző: Tőzsér Henriett
További közreműködők: Kardos Dr. Barbara
Dokumentumtípus: Diplomadolgozat
Kulcsszavak:könyvvizsgálat feladatai
könyvvizsgálat előkészítés
könyvvizsgálat tervezése
Online Access:http://dolgozattar.uni-bge.hu/22486

MARC

LEADER 00000nta a2200000 i 4500
001 dolg22486
005 20190516154544.0
008 190516suuuu hu om 000 hun d
040 |a BGE Dolgozattár Repozitórium  |b hun 
041 |a hu 
100 1 |a Tőzsér Henriett 
245 1 2 |a A könyvvizsgálat feladatainak, előkészítése, tervezése és végrehajtása  |c Tőzsér Henriett  |h [elektronikus dokumentum] 
695 |a könyvvizsgálat feladatai 
695 |a könyvvizsgálat előkészítés 
695 |a könyvvizsgálat tervezése 
700 1 |a Kardos Dr. Barbara  |e ths 
856 4 0 |u http://dolgozattar.uni-bge.hu/22486/1/tozser_heni_v1.pdf  |z Dokumentum-elérés